Responses for Show #8220 - Friday, May 22, 2020

Contestants

[<< previous game]

Charles Cato, a management consultant from Philadelphia, Pennsylvania

Morgan Wilbanks, a physician from Wauwatosa, Wisconsin

Shawn Buell, a civil engineer from Zachary, Louisiana (whose 1-day cash winnings total $24,801)

[next game >>]

Jeopardy! Round responses

YEARBOOK PHOTOS OF PEOPLE IN GOVERNMENT
WORLD FACTS
MAGAZINES
TV
I'D RATHER HAVE
A "BOTTLE" IN FRONT OF ME
(Alex: The word "bottle" will be the first word that comes up in each correct response.)
    $200 9
(John) McCain

Shawn
    $200 16
Mandarin

Shawn
    $200 30
baseball cards

Shawn
    $200 29
Ice-T

Charles
    $200 28
Lincoln

Charles
    $200 1
a bottlenose dolphin

Morgan
    $400 13
Joe Biden

Morgan
    $400 17
(Morgan: What is Lake Placid?)

Crater Lake

ShawnMorgan
    $400 26
Rolling Stone

Shawn
    $400 25
Sir Patrick Stewart

Shawn
    $400 27
sausages

Shawn
    $400 4
a bottleneck

Morgan
    $600 10
(Ruth Bader) Ginsburg

Shawn
    $3,000 18
Tasmania

Shawn
    $600 24
Forbes

Morgan
    $600 2
The Situation Room

Morgan
    $600 21
A Pinscher

Shawn
    $600 5
(Morgan: What is [**]?)
(Alex: Oh, boy, did you complicate that.)
[Laughter]
(Alex: We're gonna give it to you. [*] is all we needed.)
[Laughter]
(Alex: We don't need a dissertation.)

*bottle feeding (**using a bottle to feed your baby)

Morgan
    $800 11
(Morgan: Who is Rand Paul?)

Mitch McConnell

ShawnMorgan
    $800 19
Jutland

Triple Stumper
    $800 14
Vogue

Shawn
    $800 3
Bear Grylls

Shawn
    $800 22
Lawrence of Arabia

Charles
    $800 6
(Shawn: What's a bottle opener?)

a bottle cap

ShawnCharles
    $1000 12
(Rand) Paul

Charles
    $1000 20
The Gambia

Charles
    $1000 15
Gourmet

Shawn
    $1000 8
The Americans

Shawn
    $1000 23
(Charles: What is sauvignon blanc?)

chardonnay

MorganCharles
    $1000 7
a bottlebrush

Shawn

Scores at the first commercial break (after clue 15):

Shawn Morgan Charles
$5,400 $1,400 $1,800

Scores at the end of the Jeopardy! Round:

Shawn Morgan Charles
$11,000 $2,600 $3,000

Double Jeopardy! Round responses

BROADWAY MUSICALS' OPENING NUMBERS
GRAPHIC NOVELS
PHYSICS
ON THE MONEY
A 1970s YEAR
(Alex: Each correct response will be the year in which the clue occurred.)
THAT WORD IS QUITE A CHARACTER
    $400 30
The Little Mermaid

Morgan
    $400 29
a samurai

Charles
    $400 28
the special

Shawn
    $400 11
(Morgan: What is E pluribus unum?)

In God we trust

ShawnMorgan
    $400 13
(Charles: What is '78?)
(Morgan: What is [*]?)
(Alex: Yes.)
(Morgan: Hey!)
[Laughter]

'76

MorganCharles
    $400 22
Lolita

Charles
    $800 27
Oklahoma!

Charles
    $800 18
a chromosome

Morgan
    $800 26
decay

Shawn
    $800 7
Hamilton

Charles
    $800 12
(Shawn: What is 1973?)
(Charles: What is 1975?)
...
(Alex: Morgan, you should have jumped in to say [*].)
[Laughter]
(Alex: Squeeze yourself in the middle.)
(Morgan: I'm gun shy right now.)

1974

ShawnCharles
Triple Stumper
    $800 17
quixotic

Morgan
    $5,000 20
Oliver!

Morgan
    $1200 2
Watchmen

Morgan
    $6,600 15
thermodynamics

Morgan
    $1200 10
(Charles: What is the Constitution?)
(Morgan: What is the Bill of Rights?)
(Shawn: What are the Articles of Confederation?)
[Laughter]
(Alex: Three guys missing it? Oh, my gosh.)
[ERRATUM: The painter's name is John Trumbull.]

the Declaration of Independence

ShawnMorganCharles
Triple Stumper
    $1200 25
(Shawn: What is 1976?)

1972

Shawn
Triple Stumper
    $1200 16
(Shawn: Who is a cougar?)

Mrs. Robinson

ShawnMorgan
    $1600 19
A Funny Thing Happened on the Way to the Forum

Triple Stumper
    $1600 1
John Lewis

Charles
    $1600 4
terminal velocity

Charles
    $1600 9
(Morgan: What is the $2 bill?)
...
(Alex: What is the Lincoln Memorial on the back of the [*]?)

the $5 bill

Morgan
Triple Stumper
    $1600 24
(Alex: Less than a minute now.)

1979

Shawn
    $1600 5
(Shawn: What is a Negative Nancy?)

Debbie Downer

ShawnMorgan
    $2000 21
La Cage aux Folles

Triple Stumper
    $2000 3
Sandman

Morgan
    $2000 6
curies

Shawn
    $2000 8
(Alex: That's right, Ulysses Grant.)

the $50

Charles
    $2000 23
1977

Triple Stumper
    $2000 14
(Morgan: [Selecting the next clue] BROADWAY--mm, PHYSICS for $1200.)
[Laughter]
(Alex: Broadway Physics.)

Zelig

Morgan

Scores at the end of the Double Jeopardy! Round:

Shawn Morgan Charles
$10,200 $21,400 $8,200
(lock game)

[wagering suggestions for these scores]

Final Jeopardy! Round responses

IVY LEAGUE GEOGRAPHY
(Alex: [*] does not have an Ivy League school. It borders New Hampshire, Dartmouth; Massachusetts for Harvard; and New York, Columbia and Cornell.)
...
(Alex: [To Shawn] Forgot about Yale?)
(Shawn: Probably.)
CharlesWhat is Vermont?
$8,000
ShawnWhat is Connecticut?
$6,201
MorganWhat is Connecticut?
$0
Vermont

Final scores:

Shawn Morgan Charles
$3,999 $21,400 $16,200
3rd place: $1,000 New champion: $21,400 2nd place: $2,000

Game dynamics:

Coryat scores:

Shawn Morgan Charles
$7,800 $12,200 $8,200
21 R
(including 1 DD),
6 W
18 R
(including 2 DDs),
5 W
13 R,
4 W

Combined Coryat: $28,200

[game clues] [game scores] [suggest correction]

Game tape date: 2020-03-10
The J! Archive is created by fans, for fans. Scraping, republication, monetization, and malicious use prohibited; this site may use cookies and collect identifying information. See terms. The Jeopardy! game show and all elements thereof, including but not limited to copyright and trademark thereto, are the property of Jeopardy Productions, Inc. and are protected under law. This website is not affiliated with, sponsored by, or operated by Jeopardy Productions, Inc. Join the discussion at JBoard.tv.